[Event "Ceske Budejovice op-A"]
[Site "Ceske Budejovice"]
[Date "2025.07.03"]
[Round "6"]
[White "Rebro, Damian"]
[Black "Jurek, Josef"]
[Result "0-1"]
[WhiteElo "1858"]
[BlackElo "2156"]
[PlyCount "82"]
[EventDate "2025.06.28"]
[EventType "swiss"]
[EventRounds "9"]
[EventCountry "CZE"]
[SourceTitle "CB28_2025"]
[SourceDate "2025.07.09"]
[SourceVersion "1"]
[SourceVersionDate "2025.07.09"]
[SourceQuality "1"]

1. e4 e6 2. d4 d5 3. e5 b6 4. Nf3 Ne7 5. Bd3 Ba6 6. 0-0 Qc8 7. c3 Bxd3 8. Qxd3 Qa6 9. Qxa6 Nxa6 10. Na3 h6 11. Bd2 Nc8 12. Nc2 c5 13. a4 c4 14. Rfb1 Nc7 15. b3 cxb3 16. Rxb3 Be7 17. Ne3 0-0 18. Rc1 Rd8 19. c4 Bf8 20. a5 dxc4 21. Rxc4 Nd5 22. Nxd5 Rxd5 23. Rc7 bxa5 24. Rbb7 a4 25. Rxf7 a3 26. Rfc7 a6 27. Rb1 Rb5 28. Ra1 Nb6 29. h4 Nd5 30. Rc6 Rb6 31. Rxb6 Nxb6 32. Bc1 Nc4 33. Nd2 Nxd2 34. Bxd2 Rb8 35. Kh2 Rb3 36. Bc1 Rd3 37. g3 Bb4 38. Kg2 Rd1 39. Bb2 Rxa1 40. Bxa1 Bd2 41. Kf1 Bc1 0-1

[Event "Ceske Budejovice op-A"]
[Site "Ceske Budejovice"]
[Date "2025.06.28"]
[Round "1"]
[White "Jurek, Josef"]
[Black "Buzalka, Martin"]
[Result "1/2-1/2"]
[WhiteElo "2156"]
[BlackElo "1906"]
[PlyCount "78"]
[EventDate "2025.06.28"]
[EventType "swiss"]
[EventRounds "9"]
[EventCountry "CZE"]
[SourceTitle "CB28_2025"]
[SourceDate "2025.07.09"]
[SourceVersion "1"]
[SourceVersionDate "2025.07.09"]
[SourceQuality "1"]

1. Nf3 c6 2. c4 Nf6 3. Nc3 g6 4. e4 d6 5. d4 Bg7 6. Be2 0-0 7. 0-0 Qc7 8. h3 Nbd7 9. Be3 e5 10. Qc2 exd4 11. Nxd4 Re8 12. Rad1 Nc5 13. Bf3 a5 14. Bf4 Nfd7 15. Ndb5 cxb5 16. Nxb5 Qd8 17. Bxd6 Na6 18. c5 Qf6 19. c6 Ne5 20. Bxe5 Rxe5 21. cxb7 Bxb7 22. Nd6 Nb4 23. Qc7 Re7 24. Qb6 Bxe4 25. Bxe4 Rxe4 26. Qb7 Ree8 27. Nxe8 Rxe8 28. Qd7 Qc6 29. a3 Qxd7 30. Rxd7 Nc6 31. b3 Bb2 32. Rc7 Re6 33. b4 Bxa3 34. bxa5 Nxa5 35. Rb1 Bd6 36. Rc8+ Kg7 37. g3 Be5 38. Rb5 Nc6 39. Rxc6 Rxc6 1/2-1/2

[Event "WchT Seniors 65"]
[Site "Prague"]
[Date "2025.02.18"]
[Round "2.37"]
[White "Jurek, Josef"]
[Black "Pribyl, Josef"]
[Result "1/2-1/2"]
[WhiteElo "2160"]
[BlackElo "2184"]
[PlyCount "40"]
[EventDate "2025.02.17"]
[EventType "team-swiss"]
[EventRounds "9"]
[EventCountry "CZE"]
[SourceTitle "CB09_2025"]
[SourceDate "2025.02.27"]
[SourceVersion "1"]
[SourceVersionDate "2025.02.27"]
[SourceQuality "1"]
[WhiteTeam "Vysehrad Sokol 65"]
[BlackTeam "Coriolus 65"]
[WhiteTeamCountry "CZE"]
[BlackTeamCountry "CZE"]

1. d4 Nf6 2. c4 e6 3. Nc3 d5 4. cxd5 exd5 5. Bg5 Be7 6. e3 h6 7. Bh4 c6 8. Qc2 Nbd7 9. Bd3 0-0 10. Nge2 Re8 11. 0-0 Ne4 12. Bg3 Nxg3 13. Nxg3 Nf6 14. Rab1 Bd6 15. Bf5 h5 16. b4 a6 17. a4 Qc7 18. Rfc1 h4 19. Nf1 g6 20. Bxc8 Raxc8 1/2-1/2

[Event "Marianske Lazne IM-B1 23rd"]
[Site "Marianske Lazne"]
[Date "2025.01.23"]
[Round "7"]
[White "Smolik, Jachym"]
[Black "Jurek, Josef"]
[Result "1-0"]
[WhiteElo "2309"]
[BlackElo "2196"]
[PlyCount "89"]
[EventDate "2025.01.18"]
[EventType "tourn"]
[EventRounds "9"]
[EventCountry "CZE"]
[SourceTitle "CB05_2025"]
[SourceDate "2025.01.29"]
[SourceVersion "1"]
[SourceVersionDate "2025.01.29"]
[SourceQuality "1"]

1. Nf3 Nf6 2. c4 b6 3. g3 c5 4. Bg2 Bb7 5. 0-0 g6 6. Nc3 Bg7 7. d4 cxd4 8. Qxd4 d6 9. Rd1 Nbd7 10. Be3 Rc8 11. Rac1 a6 12. b3 0-0 13. Qh4 Rc7 14. Bh6 Qb8 15. Ng5 Bxg2 16. Kxg2 e6 17. Bxg7 Kxg7 18. Rxd6 h6 19. Nge4 g5 20. Qh3 b5 21. Rd4 bxc4 22. bxc4 Nxe4 23. Nxe4 Nc5 24. Nxc5 Rxc5 25. g4 Qb2 26. Qc3 Qxc3 27. Rxc3 Rfc8 28. Kf3 Ra5 29. a3 Rac5 30. Ke3 e5 31. Re4 Kf6 32. Kd3 Rd8+ 33. Kc2 Ke6 34. Rh3 f6 35. Rxh6 Rd4 36. Rxd4 exd4 37. Kd3 Ra5 38. Kxd4 Rxa3 39. h4 gxh4 40. g5 Ra2 41. Rxf6+ Ke7 42. Ke3 a5 43. Kf3 a4 44. Rh6 h3 45. Rxh3 1-0

[Event "Marianske Lazne IM-B1 23rd"]
[Site "Marianske Lazne"]
[Date "2025.01.22"]
[Round "6"]
[White "Jurek, Josef"]
[Black "Garsky, Vladyslav"]
[Result "1-0"]
[WhiteElo "2196"]
[BlackElo "2163"]
[PlyCount "125"]
[EventDate "2025.01.18"]
[EventType "tourn"]
[EventRounds "9"]
[EventCountry "CZE"]
[SourceTitle "CB05_2025"]
[SourceDate "2025.01.29"]
[SourceVersion "1"]
[SourceVersionDate "2025.01.29"]
[SourceQuality "1"]

1. Nf3 d5 2. d4 Nf6 3. c4 e6 4. g3 Bb4+ 5. Bd2 Be7 6. Bg2 0-0 7. 0-0 c6 8. Qc2 b6 9. b3 Ba6 10. Rd1 Nbd7 11. Bf4 Rc8 12. Nc3 dxc4 13. e4 Bb4 14. Nd2 Qe7 15. Nxc4 Bxc4 16. bxc4 e5 17. dxe5 Nxe5 18. Ne2 Rfe8 19. Nd4 Bc5 20. Nb3 Bb4 21. Nd4 Qc5 22. a3 Bxa3 23. Qb3 Bb4 24. Rxa7 Qxc4 25. Qxc4 Nxc4 26. e5 Ng4 27. Nxc6 Bc5 28. Bd5 Bxf2+ 29. Kh1 Ncxe5 30. Bxe5 Nxe5 31. Ne7+ Kh8 32. Nxc8 Rxc8 33. Bxf7 Bc5 34. Bd5 Rf8 35. Ra8 Rxa8 36. Bxa8 g6 37. Rd5 Ng4 38. Rd7 Nf6 39. Rc7 Kg8 40. Kg2 Kf8 41. Bc6 h6 42. Kf3 g5 43. Rb7 Kg8 44. Bb5 Kf8 45. Bc4 Ke8 46. g4 Bd4 47. h3 Kd8 48. Be6 Ke8 49. Ke2 Kd8 50. Kd3 Be5 51. Rxb6 Ke7 52. Bc4 Kf8 53. Rb7 h5 54. gxh5 Nxh5 55. Ke4 Bf4 56. Kf5 Ng3+ 57. Kg6 Ne4 58. Rf7+ Ke8 59. Bb5+ Kd8 60. Rd7+ Kc8 61. Rd4 Nd6 62. Ba6+ Kc7 63. h4 1-0

[Event "Pardubice rapid op 35th"]
[Site "Pardubice"]
[Date "2024.07.17"]
[Round "1"]
[White "Jurek, Josef"]
[Black "Kroulik, Vaclav"]
[Result "1-0"]
[WhiteElo "2200"]
[BlackElo "1976"]
[PlyCount "85"]
[EventDate "2024.07.17"]
[EventType "swiss (rapid)"]
[EventRounds "9"]
[EventCountry "CZE"]
[SourceTitle "CBM 221 Extra"]
[Source "ChessBase"]
[SourceDate "2024.09.30"]
[SourceVersion "1"]
[SourceVersionDate "2024.09.30"]
[SourceQuality "1"]

1. Nf3 c5 2. c4 Nc6 3. Nc3 g6 4. e3 Nf6 5. d4 cxd4 6. exd4 d5 7. cxd5 Nxd5 8. Qb3 Nxc3 9. Bc4 e6 10. bxc3 Be7 11. Bh6 Bd7 12. Be2 Qc7 13. 0-0 Rc8 14. Rac1 Na5 15. Qb2 f6 16. c4 Kf7 17. Bd2 b6 18. Bb4 Nc6 19. Bxe7 Nxe7 20. Rfd1 Qd6 21. Qb3 Rhd8 22. Qe3 Nf5 23. Qb3 Bc6 24. c5 bxc5 25. dxc5 Qe7 26. Rxd8 Rxd8 27. Bc4 Bxf3 28. Qxf3 Nd4 29. Qe3 Kg7 30. Bf1 e5 31. f4 Nf5 32. Qf2 e4 33. c6 e3 34. Qe1 Nd4 35. Ba6 Qc7 36. Qxe3 Rd6 37. Rb1 Rxc6 38. Rb7 Qxb7 39. Bxb7 Rc1+ 40. Kf2 Rc2+ 41. Kf1 Nf5 42. Qa3 Kh6 43. Be4 1-0

[Event "Usti nad Labem Chlumecky Blitz op"]
[Site "Usti nad Labem"]
[Date "2024.05.05"]
[Round "13"]
[White "Jurek, Josef"]
[Black "Dolezal, Eduard"]
[Result "1-0"]
[WhiteElo "2159"]
[BlackElo "1513"]
[PlyCount "20"]
[EventDate "2024.05.05"]
[EventType "swiss (blitz)"]
[EventRounds "15"]
[EventCountry "CZE"]
[SourceTitle "CBM 220 Extra"]
[Source "ChessBase"]
[SourceDate "2024.07.31"]
[SourceVersion "1"]
[SourceVersionDate "2024.07.31"]
[SourceQuality "1"]

1. Nf3 Nf6 2. c4 g6 3. d4 Bg7 4. g3 0-0 5. Bg2 d5 6. cxd5 Nxd5 7. 0-0 Bg4 8. h3 Bxf3 9. Bxf3 Nc6 10. e3 Qd7 1-0

[Event "Usti nad Labem Chlumecky Blitz op"]
[Site "Usti nad Labem"]
[Date "2024.05.05"]
[Round "11"]
[White "Jurek, Josef"]
[Black "Motlicek, Ondrej"]
[Result "0-1"]
[WhiteElo "2159"]
[BlackElo "1756"]
[PlyCount "104"]
[EventDate "2024.05.05"]
[EventType "swiss (blitz)"]
[EventRounds "15"]
[EventCountry "CZE"]
[SourceTitle "CBM 220 Extra"]
[Source "ChessBase"]
[SourceDate "2024.07.31"]
[SourceVersion "1"]
[SourceVersionDate "2024.07.31"]
[SourceQuality "1"]

1. Nf3 e6 2. c4 b6 3. g3 Bb7 4. Bg2 Nf6 5. 0-0 c5 6. d4 Nc6 7. d5 exd5 8. cxd5 Nb4 9. d6 g6 10. Nc3 Bg7 11. a3 Nc6 12. Bg5 h6 13. Bxf6 Qxf6 14. e4 Ne5 15. Nxe5 Qxe5 16. f4 Qd4+ 17. Qxd4 Bxd4+ 18. Kh1 0-0 19. Rab1 Rfe8 20. Rfe1 Bxc3 21. bxc3 f6 22. a4 Kf7 23. e5 Bxg2+ 24. Kxg2 f5 25. a5 Rab8 26. Re2 Ke6 27. Reb2 Rec8 28. axb6 axb6 29. Rxb6 Ra8 30. R1b2 Ra3 31. R6b3 Rca8 32. Rc2 Rxb3 33. Kf3 Raa3 34. Ke2 Rxc3 35. Rb2 Re3+ 36. Kf2 Reb3 37. Rc2 Rc3 38. Re2 c4 39. Rd2 Rcb3 40. Rc2 c3 41. Ke3 Rb2 42. Rc1 Rxh2 43. Kd3 Rg2 44. Kc4 Rxg3 45. Kb4 Ra8 46. Rh1 h5 47. Rd1 Rb8+ 48. Kc4 c2 49. Rc1 Rg2 50. Kd3 Rb1 51. Rxc2 Rxc2 52. Kxc2 Re1 0-1

[Event "Usti nad Labem Chlumecky Blitz op"]
[Site "Usti nad Labem"]
[Date "2024.05.05"]
[Round "1"]
[White "Jurek, Josef"]
[Black "Polak, Martin"]
[Result "1-0"]
[WhiteElo "2159"]
[BlackElo "1809"]
[PlyCount "93"]
[EventDate "2024.05.05"]
[EventType "swiss (blitz)"]
[EventRounds "15"]
[EventCountry "CZE"]
[SourceTitle "CBM 220 Extra"]
[Source "ChessBase"]
[SourceDate "2024.07.31"]
[SourceVersion "1"]
[SourceVersionDate "2024.07.31"]
[SourceQuality "1"]

1. Nf3 c6 2. c4 d5 3. d4 Nf6 4. Qc2 e6 5. g3 Nbd7 6. Bg2 Bd6 7. 0-0 0-0 8. Nbd2 b6 9. b3 Bb7 10. Bb2 Re8 11. Rfe1 e5 12. cxd5 cxd5 13. dxe5 Nxe5 14. Nxe5 Bxe5 15. Bxe5 Rxe5 16. Nf3 Re7 17. Rad1 Rc8 18. Qb2 Rc5 19. Nd4 Qe8 20. e3 Rec7 21. Rc1 Ne4 22. Rxc5 Rxc5 23. Rc1 Qe5 24. Re1 Qf6 25. Bxe4 dxe4 26. Qa3 a6 27. Rc1 Qd6 28. Qb2 h5 29. h4 Bc8 30. a3 Bg4 31. b4 Rc7 32. Rxc7 Qxc7 33. Qc2 Qd7 34. Qc6 Qxc6 35. Nxc6 Bd7 36. Ne7+ Kf8 37. Nd5 b5 38. Kf1 f5 39. Ke2 Kf7 40. Kd2 g6 41. Kc3 Ke8 42. Nc7+ Kd8 43. Nxa6 Kc8 44. Kd4 Kb7 45. Nc5+ Kc6 46. Nxd7 Kxd7 47. Kc5 1-0

[Event "Usti nad Labem Chlumecky Blitz op"]
[Site "Usti nad Labem"]
[Date "2024.05.05"]
[Round "6"]
[White "Veverka, Vladimir"]
[Black "Jurek, Josef"]
[Result "0-1"]
[WhiteElo "1890"]
[BlackElo "2159"]
[PlyCount "66"]
[EventDate "2024.05.05"]
[EventType "swiss (blitz)"]
[EventRounds "15"]
[EventCountry "CZE"]
[SourceTitle "CBM 220 Extra"]
[Source "ChessBase"]
[SourceDate "2024.07.31"]
[SourceVersion "1"]
[SourceVersionDate "2024.07.31"]
[SourceQuality "1"]

1. d4 Nf6 2. c4 c5 3. d5 b5 4. cxb5 a6 5. bxa6 g6 6. Nc3 Bxa6 7. e4 Bxf1 8. Kxf1 d6 9. g3 Bg7 10. Nf3 0-0 11. Kg2 Nbd7 12. Qc2 Ra6 13. Nd2 Qa8 14. Nc4 Rb8 15. a4 Nb6 16. Nxb6 Raxb6 17. Rb1 e6 18. Rd1 exd5 19. exd5 Rb4 20. Bf4 Qa6 21. b3 c4 22. Nb5 cxb3 23. Rxb3 Rxa4 24. Nxd6 Rd8 25. Qc5 Rxf4 26. gxf4 Qxd6 27. Qxd6 Rxd6 28. Rb8+ Bf8 29. Rb5 Kg7 30. Kf3 Ne8 31. Re1 Nc7 32. Rb7 Nxd5 33. Ra1 Re6 0-1